| 000 | 00506nam a2200157Ia 4500 | ||
|---|---|---|---|
| 008 | 210716s2000 xx 000 0 und d | ||
| 020 | _a0273649280 | ||
| 041 | _aeng | ||
| 082 | _a338.04 BIRS | ||
| 100 | _aBirley, Sue; Muzyka, Daniel F. | ||
| 245 |
_aFinancial times mastering entrepreneurship: the complete MBA companion in entrepreneurship. _bComplete MBA companion in entrepreneurship. |
||
| 250 | _a1 | ||
| 260 |
_aNew York _bPrentice Hall _c2000 |
||
| 300 | _axiv,418 | ||
| 650 | _aEntrepreneurship | ||
| 999 |
_c202926 _d202926 |
||